Organizaciones agrícolas en Costa Rica. Breve Reseña

में बचाया:
ग्रंथसूची विवरण
मुख्य लेखक: Serna, Ramón
स्वरूप: मूलपाठ
प्रकाशित: Heredia: UNA
टैग: टैग जोड़ें
कोई टैग नहीं, इस रिकॉर्ड को टैग करने वाले पहले व्यक्ति बनें!

MARC

LEADER 00000 a a2200000 04500
001 24886
003
040
090 |a 179500  
100 |a Serna, Ramón  
245 |a Organizaciones agrícolas en Costa Rica. Breve Reseña  
260 |a Heredia:   |b UNA  
300 |a 13 p  
999 |c 17149  |d 17149